| 000 | 00578nam a2200133Ia 4500 | ||
|---|---|---|---|
| 008 | 220620s9999||||xx |||||||||||||| ||und|| | ||
| 022 | _a19194390 | ||
| 100 | _aedited by Olaf Zawacki-Richter and Terry Anderson | ||
| 245 | 0 | _aOnline Distance Education: Towards a Research Agenda | |
| 546 | _aEnglish[eng] | ||
| 650 | _aOpen University||lifelong learners||faculty support||globalization||dropout||educational technology||social justice||learning communities||quality assurance: OUUK||instructional design | ||
| 856 | _uhttp://www.aupress.ca/index.php/books/120233 | ||
| 942 | _cEB | ||
| 999 |
_c34667 _d34667 |
||